| 000 | 00910cam a2200241 4500 | ||
|---|---|---|---|
| 001 | ABS62467 | ||
| 008 | 000000n2000 000 0 eng u | ||
| 035 | _a(Sirsi) u106607 | ||
| 100 | _aHodgson, S. | ||
| 245 | _aBusiness waste | ||
| 260 | _c2000 | ||
| 490 |
_aPremises and Facilities Management _v June 2000, 19-20(2) |
||
| 520 | _aArgues that good environmental management at work is cost efficient and therefore makes sound business sense. Gives examples of some environmental improvement projects which business can make to reduce or reuse anything from paper to energy. | ||
| 590 | _aABS | ||
| 650 | _aENVIRONMENTAL MANAGEMENT | ||
| 650 | _aENERGY USE | ||
| 650 | _aFINANCIAL SERVICES AUTHORITY | ||
| 650 | _aOFFICE OCCUPIERS | ||
| 650 | _aWASTE MINIMISATION | ||
| 650 | _aWASTE REDUCTION | ||
| 690 | _aENVIRONMENTAL AND LAND CONSULTANCY-ENERGY-ENERGY USE-ENERGY EFFICIENCY | ||
| 942 | _n0 | ||
| 999 |
_c63833 _d63833 |
||